000 00994pam a2200325 i 4500
999 _c2112
_d2112
001 016715170
003 Uk
005 20230308092214.0
008 140312s2014 enka j 000 1 eng d
015 _aGBB451685
_2bnb
016 7 _a016715170
_2Uk
020 _a9781847154415 (pbk.) :
040 _aStDuBDS
_beng
_cStDuBDS
_dUk
_erda
042 _aukblcatcopy
082 0 4 _a823.92 MAC
_223
100 1 _aMacDonald, Alan,
_d1958-
_eauthor.
245 1 0 _aRats! /
_cAlan MacDonald ; illustrated by David Roberts.
264 1 _aLondon :
_bStripes,
_c2014.
300 _a95 pages :
_billustrations ;
_c20 cm.
336 _atext
_2rdacontent
336 _astill image
_2rdacontent
337 _aunmediated
_2rdamedia
338 _avolume
_2rdacarrier
490 0 _aDirty Bertie ;
_v23
500 _aFormerly CIP.
_5Uk
650 0 _aDirty Bertie (Fictitious character)
_vJuvenile fiction.
655 0 _aChildren's stories.
700 1 _aRoberts, David,
_d1970-
_eillustrator.
942 _2ddc
_cNFIC